Sports Quiz

Random Sports Quiz

2016 UFC champions Quiz Stats

 Plays Quiz not verified by Sporcle

Challenge
Share
Tweet
Embed
Score 0/21 Timer 05:00
0 Plays Today
Answer % Correct
???
80.5%
???
60.3%
???
53.6%
???
52.2%
???
49.5%
???
49.4%
???
47.7%
???
45.4%
???
44.6%
???
44.1%
???
42.8%
Answer % Correct
???
41.4%
???
38.4%
???
35.5%
???
31.3%
???
30.2%
???
28%
???
26.8%
???
26.4%
???
24.9%
???
20.1%

You're not logged in!

Compare scores with friends on all Sporcle quizzes.
Join for Free
OR
Log In

You Might Also Like...

Show Comments

Extras

Created Jan 11, 2017ReportNominate
Tags:2016, champion, UFC

Top Quizzes Today


Score Distribution

Your Account Isn't Verified!

In order to create a playlist on Sporcle, you need to verify the email address you used during registration. Go to your Sporcle Settings to finish the process.

Report this User

Report this user for behavior that violates our Community Guidelines.

Details: